| 000 | 00000cam 2200000zi 4500 |
| 001 | 9.954520 |
| 003 | CaOODSP |
| 005 | 20260511101346 |
| 006 | m o d f |
| 007 | cr mn||||||||| |
| 008 | 250827t20252025onc ob f000 0 fre d |
| 020 | |a9780660786650 |
| 040 | |aCaOODSP|bfre|erda|cCaOODSP |
| 043 | |an-cn--- |
| 086 | 1 |aA104-665/2025F-PDF |
| 245 | 00|aPrésence non déclarée de gluten dans les substituts de produits laitiers - 1 avril 2022 au 31 mars 2023. |
| 264 | 1|a[Ottawa] : |bAgence canadienne d'inspection des aliments = Canadian Food Inspection Agency, |c[2025] |
| 264 | 4|c©2025 |
| 300 | |a1 ressource en ligne (11 pages) |
| 336 | |atexte|btxt|2rdacontent/fre |
| 337 | |ainformatique|bc|2rdamedia/fre |
| 338 | |aressource en ligne|bcr|2rdacarrier/fre |
| 500 | |aLe fichier de publication en format PDF a été remplacé le 11-05-2026 à la requête de l'Agence canadienne d'inspection des aliments. |
| 500 | |aPublié aussi en anglais sous le titre : Undeclared gluten in dairy alternative products - April 1, 2022, to March 31, 2023. |
| 500 | |a« Chimie alimentaires – Études ciblées » -- Couverture. |
| 504 | |aComprend des références bibliographiques (page 11). |
| 650 | 6|aProduits laitiers|xAnalyse. |
| 650 | 6|aGluten|xAnalyse. |
| 650 | 6|aAllergie alimentaire|zCanada. |
| 650 | 6|aAliments|xContamination|zCanada. |
| 650 | 6|aAliments|xInspection|zCanada. |
| 710 | 2 |aAgence canadienne d'inspection des aliments, |eorganisme de publication. |
| 775 | 08|tUndeclared gluten in dairy alternative products - April 1, 2022, to March 31, 2023.|w(CaOODSP)9.954519 |
| 856 | 40|qPDF|s650 Ko|uhttps://publications.gc.ca/collections/collection_2025/acia-cfia/A104-665-2025-fra.pdf |
| 856 | 4 |qHTML|sS.O.|uhttps://inspection.canada.ca/fr/salubrite-alimentaire-lindustrie/chimie-microbiologie-alimentaires/rapports-danalyse-articles-revues/non-declaree-gluten-substituts-produits-laitiers-2022-2023 |